| 000 | 00000nam##2200000za#4500 |
| 001 | 9.643345 |
| 003 | CaOODSP |
| 005 | 20241128084218 |
| 007 | cr ||||||||||| |
| 008 | 150407|1960||||xxc|||||o f|0| 0 fre|d |
| 040 | |aCaOODSP|bfre |
| 043 | |an-cn--- |
| 086 | 1 |aA53-885/1960F-PDF |
| 110 | 1 |aCanada. |bService des fermes expérimentales. |
| 245 | 10|aOutillage pour la récolte du foin et de l'ensilage / |h[ressource électronique]|c[par] A.I. Magee. |
| 250 | |a2e édition revisée [i.e., révisée] |
| 260 | |aOttawa - Ontario : |bAgriculture Canada. |cJuillet 1960. |
| 300 | |a36p.|bfigure, tableaux, photographies |
| 500 | |aPublication historique numérisée par Agriculture et Agroalimentaire Canada. -- «1re édition française (n° 826), 1958; 2e édition (revisée [i.e., révisée]), 1960.»--p. 2 de 36. |
| 590 | |a14-11-Supp|b2014-05-21 |
| 691 | 07|aCultures fourragères|2gcpds |
| 691 | 07|aTechnologie agricole|2gcpds |
| 775 | 08|tHarvesting machinery for hay and silage / |w(CaOODSP)9.699355 |
| 856 | 40|ahttp://publications.gc.ca|qPDF|s5.4 Mo|uhttps://publications.gc.ca/collections/collection_2014/aac-aafc/agrhist/A53-885-1960-fra.pdf |
| 986 | |a885 |